| 000 | 00674nam a22002411 4500 | ||
|---|---|---|---|
| 001 | 4058459 | ||
| 003 | OSt | ||
| 005 | 20140310182037.0 | ||
| 008 | 730313s1963 nju 000 0 eng | ||
| 010 | _a 63009783 | ||
| 040 |
_aDLC _cDLC _dDLC |
||
| 050 | 0 | 0 |
_aGN 405 _b.B877 1963 |
| 082 | 0 | 0 |
_aHS 301.2 _bB81 1963 |
| 100 | 1 |
_aBrown, Ina Corinne, _d1896- _910779 |
|
| 245 | 1 | 0 |
_aUnderstanding other cultures. _cIna Corinne Brown |
| 260 |
_aEnglewood Cliffs, N.J., _bPrentice-Hall _c[1963] |
||
| 300 |
_a184 p. _c21 cm. |
||
| 490 | 0 | _aA Spectrum book | |
| 650 | 0 |
_aCulture. _9719 |
|
| 906 |
_a7 _bcbc _corignew _du _eocip _f19 _gy-gencatlg |
||
| 942 |
_2lcc _cHS |
||
| 999 |
_c8700 _d8700 |
||